Catálogo
 En Linea

Antología del asombro / (Registro nro. 49287)

Detalles MARC
000 -CABECERA
campo de control de longitud fija 01427nam a22003617a 4500
003 - IDENTIFICADOR DEL NÚMERO DE CONTROL
campo de control OSt
005 - FECHA Y HORA DE LA ÚLTIMA TRANSACCIÓN
campo de control 20240305122324.0
007 - CAMPO FIJO DE DESCRIPCIÓN FÍSICA--INFORMACIÓN GENERAL
campo de control de longitud fija ta
008 - DATOS DE LONGITUD FIJA--INFORMACIÓN GENERAL
campo de control de longitud fija 201216e2019 dr a|||eri||| 001 pdspa d
020 ## - NÚMERO INTERNACIONAL ESTÁNDAR DEL LIBRO
Número Internacional Estándar del Libro 0789945806694
040 ## - FUENTE DE LA CATALOGACIÓN
Centro catalogador/agencia de origen DO-SdBNP
Lengua de catalogación spa
Centro/agencia transcriptor BNPHU
041 ## - CÓDIGO DE LENGUA
Código de lengua original spa
082 ## - NÚMERO DE LA CLASIFICACIÓN DECIMAL DEWEY
Número de clasificación BNPHU- xxx
Número de documento/Ítem A174 a
100 ## - ENTRADA PRINCIPAL--NOMBRE DE PERSONA
Nombre de persona Acevedo , Domingo .
9 (RLIN) 24357
245 ## - MENCIÓN DE TÍTULO
Título Antología del asombro /
Mención de responsabilidad, etc. Alfonso Torres Ulloa , prólogo ;Wilfredo Velásquez Gómez , dibujos ; Lorenzo García y Delfin Tavárez , diagramación .
260 ## - PUBLICACIÓN, DISTRIBUCIÓN, ETC.
Lugar de publicación, distribución, etc. Santo Domingo :
Nombre del editor, distribuidor, etc. Pernart Gráficos ,
Fecha de publicación, distribución, etc. 2019
300 ## - DESCRIPCIÓN FÍSICA
Extensión 123 pg.
Otras características físicas il. ;
Dimensiones 21 cm
505 0# - NOTA DE CONTENIDO CON FORMATO
Nota de contenido con formato Prólogo.-
505 0# - NOTA DE CONTENIDO CON FORMATO
Nota de contenido con formato Agradecimiento.-
505 0# - NOTA DE CONTENIDO CON FORMATO
Nota de contenido con formato Capítulo I :
Título Derrota ancestral.-
505 0# - NOTA DE CONTENIDO CON FORMATO
Nota de contenido con formato Capítulo II :
Título Un siglo de ausencia
505 0# - NOTA DE CONTENIDO CON FORMATO
Nota de contenido con formato Capítulo III :
Título Hijos póstumos del Roció.-
505 0# - NOTA DE CONTENIDO CON FORMATO
Nota de contenido con formato Capítulo IV :
Título El sonido lapidario de la sangre.-
505 0# - NOTA DE CONTENIDO CON FORMATO
Nota de contenido con formato Capítulo VI :
Título Metamorfosis del asombro.-
505 0# - NOTA DE CONTENIDO CON FORMATO
Nota de contenido con formato Capítulo VII
Título Pergaminos de lágrimas.-
505 0# - NOTA DE CONTENIDO CON FORMATO
Nota de contenido con formato Capítulo VIII :
Título Luna de papel.- (algunos intentos de haikus).-
505 0# - NOTA DE CONTENIDO CON FORMATO
Nota de contenido con formato Capítulo XI :
Título Bajo el gran árbol de la noche.
700 1# - PUNTO DE ACCESO ADICIONAL--NOMBRE DE PERSONA
Nombre de persona Torres Ulloa, Alfonso
Término indicativo de función/relación prólogo .
9 (RLIN) 58620
700 ## - PUNTO DE ACCESO ADICIONAL--NOMBRE DE PERSONA
Nombre de persona Velásquez Gómez , Wilfredo ,
Término indicativo de función/relación dibujos .
9 (RLIN) 77608
700 ## - PUNTO DE ACCESO ADICIONAL--NOMBRE DE PERSONA
Nombre de persona García , Lorenzo ,
Término indicativo de función/relación diagramación .
9 (RLIN) 77609
700 ## - PUNTO DE ACCESO ADICIONAL--NOMBRE DE PERSONA
Nombre de persona Delfin Tavárez ,
Término indicativo de función/relación diagramación .
9 (RLIN) 77610
942 ## - ELEMENTOS DE PUNTO DE ACCESO ADICIONAL (KOHA)
Fuente del sistema de clasificación o colocación Dewey Decimal Classification
Tipo de ítem Koha Libro
Existencias
Estado de retiro Estado de pérdida Fuente del sistema de clasificación o colocación No para préstamo Código de colección Localización permanente Ubicación/localización actual Ubicación en estantería Fecha de adquisición Fuente de adquisición Total de préstamos Signatura topográfica completa Código de barras Fecha visto por última vez Precio válido a partir de Tipo de ítem Koha Número de copia
    Dewey Decimal Classification Préstamo en sala Dominicana de Servicio Biblioteca Nacional Pedro Henríquez Ureña General Depósito 23.01.2020 Depósito legal   BNPHU- DS xxx A174a 2020-0764 16.12.2020 16.12.2020 Libro y Folleto Colección Dominicana de Servicio e.3
    Dewey Decimal Classification Excluido de préstamo Patrimonio Dominicano Biblioteca Nacional Pedro Henríquez Ureña Patrimonio Dominicano Depósito 23.01.2020 Depósito legal   BNPHU- PD xxx A174a 2020-0762 16.12.2020 16.12.2020 Libro y Folleto Colección Patrimonio Dominicano  
    Dewey Decimal Classification Préstamo en sala Patrimonio Dominicano Biblioteca Nacional Pedro Henríquez Ureña Patrimonio Dominicano Depósito 16.12.2020     BNPHU- PD xxx A174a 2020-0763 16.12.2020 16.12.2020 Libro y Folleto Colección Patrimonio Dominicano e.2

Con tecnología Koha